000
00305nam a22001097a 4500
008
160713b xxu||||| |||| 00| 0 eng d
100
_9
2782
_a
Teachers Guide for Sunbrust
245
_a
Teachers Guide for Sunbrust
260
_a
Boston
_b
Boston
_c
1976
300
_a
Teachers Guide for Sunbrust
942
_2
ddc
_c
BK
999
_c
2401
_d
2401